Microwaves in organic synthesis

שמור ב:
מידע ביבליוגרפי
מחבר ראשי: Loupy, André
פורמט: ספר
שפה:Undetermined
יצא לאור: Weinheim Wiley 2006
נושאים:
תגים: הוספת תג
אין תגיות, היה/י הראשונ/ה לתייג את הרשומה!
Thư viện lưu trữ: Trung tâm Học liệu Trường Đại học Cần Thơ
LEADER 00539nam a2200205Ia 4500
001 CTU_123522
008 210402s9999 xx 000 0 und d
020 |c 2520000 
082 |a 547.2 
082 |b L891/Vol.2 
100 |a Loupy, André 
245 0 |a Microwaves in organic synthesis 
245 0 |c André Loupy 
260 |a Weinheim 
260 |b Wiley 
260 |c 2006 
650 |a Organic compounds,Microwave heating 
650 |x Synthesis 
904 |i Tuyến 
980 |a Trung tâm Học liệu Trường Đại học Cần Thơ